Дело о приезде ее высочества принцессы Ирены Прусской

Доступно только в Электронных читальных залах Найти на картеНа карте
RUSMARC
00003666nmc2a22002413x 450
00112d1a3d4-5cb3-4a64-b05c-7c17aae7d577
00520250828160516.0
100##$a20250129l19131913k l0rusy0189 ca
1010#$arus
$ager
$afre
102##$aRU
105##$ay###
1222#$ad
2001#$aДело о приезде ее высочества принцессы Ирены Прусской
$j10 июня - 4 августа 1913 г.
215##$a22 л.
$d36,5х26 см
251##$cДело
300##$aНа русском, немецком и французском языках
371##$aДокумент не является опубликованным и широко распространяемым
461#0$100108cd6ec2-be9a-457f-a0b6-fa449e506316
$12001
$aКанцелярия Министерства Императорского двора
$1251
$cФонд
$1852
$j472
462#0$100128164054-1599-432e-bccb-cdce0509bff6
$12001
$aКанцелярия Министерства Императорского двора
$1251
$cОпись
$1852
$j45
$l1913 г.
801#0$aRU
$bРГИА
$c20250129
$gRCR
801#1$aRU
$bГлавНИВЦ
$c20250129
$2rusmarc
801#2$aRU
$bПБ им. Б.Н. Ельцина
$c20250828
$gRCR
$2rusmarc
850##$aРГИА
852##$aРГИА
$eФедеральное казенное учреждение "Российский государственный исторический архив" (РГИА)
$j41
937##$hРГИА
$d12420100
$aASBIBLIO_SCAN
035##$aRusGRCC00085310
856##$uhttp://readingroom.main.prlib.ru/item.aspx?id_node=n198132621&mode=full
Формат отображения